Tales From The Panchatantra (Record no. 834023)

MARC details
000 -LEADER
fixed length control field 00437nam a2200169Ia 4500
008 - FIXED-LENGTH DATA ELEMENTS--GENERAL INFORMATION
fixed length control field 110201s9999 xx 000 0 und d
082 ## - DEWEY DECIMAL CLASSIFICATION NUMBER
Item number B8545
Classification number E 336
100 ## - MAIN ENTRY--PERSONAL NAME
Personal name Haksar A.N.D.
245 ## - TITLE STATEMENT
Title Tales From The Panchatantra
260 ## - PUBLICATION, DISTRIBUTION, ETC. (IMPRINT)
Name of publisher, distributor, etc National Book Trust
365 ## - TRADE PRICE
Price amount 35
600 ## - SUBJECT ADDED ENTRY--PERSONAL NAME
Personal name Haksar A.N.D.
630 ## - SUBJECT ADDED ENTRY--UNIFORM TITLE
Uniform title Tales From The Panchatantra
700 ## - ADDED ENTRY--PERSONAL NAME
Personal name Haksar A.N.D.
730 ## - ADDED ENTRY--UNIFORM TITLE
Uniform title Tales From The Panchatantra
942 ## - ADDED ENTRY ELEMENTS (KOHA)
Koha item type Book
Holdings
Withdrawn status Lost status Damaged status Not for loan Home library Current library Date acquired Cost, normal purchase price Total Checkouts Barcode Date last seen Cost, replacement price Price effective from Koha item type
        Prof.Manikrao Kirtane Vachanalaya, Vashi, Navi Mumbai Prof.Manikrao Kirtane Vachanalaya, Vashi, Navi Mumbai 02/01/2011 35.00   PMKV-B8545 02/01/2011 35.00 02/01/2011 Book